000 00240 a2200085 4500
020 _a9780799328615
100 _aVan Der Merwe, Marie
_965442
245 _aDokter Adri van vreemdelingspoort
999 _c732659
_d732658
942 _w2694
_xGrace Mofokeng
_y296
_zPhillipina Naude